The Oxford 3000 - Letter B - Translate from Polish to English - Statystyki

Ogólne statystyki
  • Ten quiz został rozwiązany 57 razy
    34 od ostatniego zresetowania
  • Średni wynik to 105 z 154
Statystyki odpowiedzi
Polish Angielski % Poprawnych
miliard billion
100%
niemowlę baby
94%
plecy; z powrotem; tylny; popierać kogoś; cofać się back
94%
zły bad
94%
piłka ball
94%
banan banana
94%
bank bank
94%
bar; tabliczka bar
94%
baseball baseball
94%
koszykówka basketball
94%
wanna; kąpiel bath
94%
łazienka bathroom
94%
być be
94%
plaża beach
94%
fasola bean
94%
niedźwiedź; znieść bear
94%
piękny beautiful
94%
łóżko bed
94%
pszczoła bee
94%
wołowina beef
94%
piwo beer
94%
najlepszy best
94%
duży big
94%
biologia biology
94%
ptak bird
94%
urodziny birthday
94%
czarny black
94%
blok; klocek; blokować block
94%
blog blog
94%
krew blood
94%
łódź boat
94%
ciało body
94%
książka; rezerwować book
94%
pudełko; skrzynka box
94%
chłopiec boy
94%
chłopak (partner) boyfriend
94%
chleb bread
94%
śniadanie breakfast
94%
oddech breath
94%
brat brother
94%
brązowy brown
94%
autobus bus
94%
tło background
88%
torba bag
88%
zespół muzyczny band
88%
bariera barrier
88%
podstawa; baza; opierać base
88%
piękno beauty
88%
ponieważ because
88%
dzwonek; dzwon bell
88%
lepszy better
88%
rower bicycle
88%
blondynka; blond blonde
88%
kość bone
88%
most bridge
88%
budżet budget
88%
ale but
88%
masło butter
88%
kupować buy
88%
bakteria bacteria
81%
równowaga; balansować; równoważyć balance
81%
zaczynać begin
81%
wierzyć believe
81%
tablica; deska board
81%
bomba bomb
81%
znudzony bored
81%
nudny boring
81%
urodzony; narodzony born
81%
szef boss
81%
obaj; obie; oboje both
81%
butelka bottle
81%
miska bowl
81%
marka; oznaczać brand
81%
zepsuty; złamany broken
81%
cześć (na pożegnanie) bye
81%
bateria battery
75%
sypialnia bedroom
75%
pomiędzy between
75%
niebieski blue
75%
gotować; wrzeć boil
75%
jasny; bystry bright
75%
przynieść bring
75%
budować build
75%
budynek building
75%
źle badly
69%
bitwa; walczyć battle
69%
stać się become
69%
rower bike
69%
narodziny birth
69%
niewidomy blind
69%
but boot
69%
pożyczać (od kogoś) borrow
69%
oddychanie breathing
69%
guzik; przycisk button
69%
pokonać; bić; pobić beat
63%
błagać beg
63%
pasek belt
63%
łamać; psuć; przerwa break
63%
palić; oparzenie burn
63%
krzew bush
63%
biznes; firma business
63%
zajęty busy
63%
piec bake
56%
oparty; na podstawie based
56%
podstawowy basic
56%
początek beginning
56%
zachowywać się behave
56%
wiara; przekonanie belief
56%
należeć belong
56%
spód; dno; dolny bottom
56%
mózg brain
56%
kula (z broni); pocisk bullet
56%
biznesmen businessman
56%
zakazać, zakaz ban
50%
przed, zanim before
50%
zachowanie behaviour
50%
rachunek; wystawiać rachunek bill
50%
winić; wina blame
50%
dmuchać; wiać blow
50%
granica; graniczyć border
50%
odważny brave
50%
pierś breast
50%
panna młoda bride
50%
szczotkować; szczotka brush
50%
za, z tyłu behind
44%
kosz bin
44%
gryźć; ugryzienie bite
44%
gorzki bitter
44%
oddychać breathe
44%
bańka; pęcherzyk bubble
44%
poniżej below
38%
zakładać się; zakład bet
38%
herbatnik; suchar biscuit
38%
gałąź branch
38%
zasadniczo basically
31%
istota, byt being
31%
szeroki broad
31%
pusty blank
25%
przeszkadzać; niepokoić bother
25%
genialny; błyskotliwy brilliant
25%
przez; przy by
25%
schylać się; giąć bend
19%
kawałek bit
19%
pochować; pogrzebać bury
19%
do tyłu; wstecz backwards
13%
brzeg rzeki bank
13%
korzyść; korzystać benefit
13%
zgięty bent
13%
więź bond
13%
krótki brief
13%
podstawa basis
6%
poza beyond
6%
nadawać; nadawanie broadcast
6%
pęk; kiść bunch
0%
Nie znaleziono quizów pasujących do podanych kryteriów
Rozkład punktacji
Procent ludzi z każdym wynikiem
Percentyl według liczby udzielonych odpowiedzi
Twoja historia wyników
Nie rozwiązałeś tego quizu od ostatniego zresetowania